Random Classical Music Trivia - Statistics

General Stats
  • This quiz has been taken 38 times
  • The average score is 7 of 12
Answer Stats
Hint Answer % Correct
What instrument was Paganini know for playing? Violin
97%
What city is known as the center of the classical music world? Vienna
86%
Who is the most listened to classical composer? Wolfgang Amadeus Mozart
86%
What country was Chopin from? Poland
80%
What famous Classical composer was from Norway? Edvard Grieg
74%
What is the first chair violinist known as in a symphony orchestra? the Concert Master
69%
What composer was a favorite of the Nazi party? Richard Wagner
66%
When was the end of the Baroque era? 1750
63%
Who was the conductor for the Berlin Philharmonic from 1956-1989? Herbert von Karajan
54%
Where was Johannes Brahms born? Hamburg
29%
What classical music instrument inspired a lot of prog rock groups? Pipe organ
20%
What type of minor scale has a raised 4th? Hungarian minor
9%
No matching quizzes found
Score Distribution
Percent of People with Each Score
Percentile by Number Answered
Your Score History
You have not taken this quiz